000 00451nam a2200181Ia 4500
003 0100
008 130303s9999 xx 000 0 und d
040 _cARRUPELIB
050 _aBS1140.2.K86
100 _aKuntz, John Kenneth
245 4 _aThe people of ancient Israel
245 _ban introduction to Old Testament literature, history, and thought
260 _aNY
260 _bHarper Row
260 _C1974
300 _a559p
942 0 0 _02
999 _c30443
_d30443